000 00389nam a2200121Ia 4500
008 210430s9999 xx 000 0 und d
082 _a320.9549 K451S
100 _aMohammad Ayub Khan
_954549
245 _aSpeeches and Statements Field Marshal Mohammad Ayub Khan president of Pakistan /
_cMohammad Ayub Khan
260 _aKarachi
_bPakistan Government
300 _a200
942 _cBK
_2ddc
999 _c565169
_d565169